| 000 | 01145cem a22002055a 4500 | ||
|---|---|---|---|
| 001 | L157122 | ||
| 008 | 120904e18290212xxk f 000 0 eng d | ||
| 035 | _a(Sirsi) u157122 | ||
| 041 | 0 | _aeng | |
| 100 | 1 |
_aBradshaw, George _d1801-1853 |
|
| 245 | 0 | 3 |
_aG. Bradshaw's map of canals, navigable rivers, rail roads &c., in the midland counties of England _bfrom actual survey shewing the heights of the ponds on the lines of navigation from a level of 6ft. 10in. under the Old Dock Sill at Liverpool _cfrom levels taken by Twyford & Wilson surveyors & engineers |
| 260 |
_aManchester _bG. Bradshaw _c12th February, 1829 |
||
| 300 |
_a1 map _bhand col., dissected and mounted on linen in 4 pieces _c125 x 116 cm., folded to 23 x 16 cm, in slip case 26 cm. |
||
| 520 | _aDedication: "To Thomas Telford F.R.S. L.& E. president of the Institution of Civil Engineers this map as a tribute of respect is by permission dedicated by his obliged G. Bradshaw" | ||
| 520 | _aScale [ca.1:126,720]. 2 miles to an inch. | ||
| 583 |
_aCondition reviewed _c20120620 _lcondition level 3 |
||
| 651 | 4 |
_aEngland _y886- |
|
| 690 |
_aInfrastructure _96246 |
||
| 942 | _n0 | ||
| 999 |
_c114612 _d114612 |
||